000 00463nam a2200181Ia 4500
001 8192
005 20260306160551.0
008 260306t2011||||xx |||||||||||||| ||spa||
041 _aESP
082 _a370.15
_bB59M
100 _aBisquerra Alzina, Rafael
_eAUT
245 0 _aModelos de orientación e intervención psicopedagógica
260 _c2011
300 _axxvi, 592 páginas :
_c24 cm.
650 _aGEN
654 _aCED
942 _cLIB
_dJUS
_fJUS
_2ddc
_n
999 _c8192
_d8192